00626 a2200181 4500010001400000020002300014035001300037037001500050082000600065100003300071245014300104246001100247260004100258270007100299300002800370700002500398700002100423 aENG-87993 a8121402867c200.00 aEN-71526 bDBAD / PUB14aN1 aVandyopadhyaya, Pranav Kumar1 aPassing time in Biharipur /cby Pranav Kumar Vandyopadhyaya; translated into english from hindi by Rama Kant Agnihotri and Aditi Mukhergee aKhabar aNew DelhibNational Paperbacksc2006 a2/35, Ansari Road, Darya GanjbNew Delhie110 002cDelhik23254407 a262 p.c21.5 cm ( Pbk.) aAgnihotri, Rama Kant aMukhergee, Aditi